000 00505nam a2200217Ia 4500
001 14265
003 GE_BSU
008 181216s||||||||xx |||||||||||||| ||und||
020 _a0340385136
040 _cGE_BSU
080 _a23
100 _aPYTCHES,DAVID
245 _aCome holy Spirit.Learning to Minister in Power
260 _aLondon
260 _bHodder and Stoughton
260 _c1985
300 _a287p.18cm.
653 _aCome holy Spirit
653 _aრელიგია
942 _cBK
999 _c47403
_d47403